Terraria Bosses (1.4.4) - Statistics

General Stats
  • This quiz has been taken 13 times
  • The average score is 26 of 36
Answer Stats
Hint Answer % Correct
Pre-Hardmode King Slime
91%
Pre-Hardmode Skeletron
91%
Pre-Hardmode The Eye of Cthulhu
91%
Pre-Hardmode The Wall of Flesh
91%
Events Betsy
82%
Hardmode Golem
82%
Hardmode Plantera
82%
Pre-Hardmode Queen Bee
82%
Hardmode Skeletron Prime
82%
Pre-Hardmode The Brain of Cthulhu
82%
Hardmode The Destroyer
82%
Pre-Hardmode The Eater of Worlds
82%
Hardmode The Twins
82%
Hardmode Duke Fishron
73%
Events Ice Queen
73%
Events Mourning Wood
73%
Events Nebula Pillar
73%
Hardmode Queen Slime
73%
Events Solar Pillar
73%
Events Stardust Pillar
73%
Hardmode The Empress of Light
73%
Hardmode The Lunatic Cultist
73%
Hardmode The Moon Lord
73%
Events The Ogre
73%
Events Vortex Pillar
73%
Events Everscream
64%
"Everything" Seed Mechdusa
64%
Exclusive Ocram
64%
Events Pumpking
64%
Events Santa-NK1
64%
Events The Dark Mage
64%
Pre-Hardmode The Deerclops
64%
Events The Flying Dutchman
64%
Events The Martian Saucer
64%
Exclusive Lepus
36%
Exclusive Turkor the Ungrateful
27%
No matching quizzes found
Score Distribution
Percent of People with Each Score
Percentile by Number Answered
Your Score History
You have not taken this quiz